Score 0/7 Timer 03:00
0 Plays Today
Question Answer Wrong Answers
The first newspaper written entirely in _______ is published in Paarl, South Africa.
1876
Afrikaans
89.4%
Amharic
3%
Hausa
1.6%
Yoruba
2.6%
Swan Lake, a ballet by this composer, debuts at the Mariinsky Theatre in St. Petersburg.
1895
Pyotr Ilyich Tchaikovsky
85.3%
Felix Mendelssohn
1%
Igor Stravinsky
9.3%
Ludwig Minkus
0.8%
For his portrayal of Idi Amin in The Last King of Scotland, __________ takes home the Golden Globe for Best Performance by an Actor in a Motion Picture.
2007
Forest Whitaker
79.2%
Don Cheadle
3.9%
Denzel Washington
6.4%
Morgan Freeman
6.2%
Dolores O'Riordan, best known as the singer of this band, dies in London at age 46.
2018
The Cranberries
79%
Evanescence
4.4%
The Pretenders
10.1%
Veruca Salt
2%
The University of Notre Dame receives its charter from this US state.
1844
Indiana
72.7%
North Carolina
8.4%
Massachusetts
13.8%
Florida
2.2%
This museum, now home to the Rosetta Stone and Michelangelo's 'Study for Adam', opens to the public.
1759
The British Museum
54.2%
The Louvre
32.5%
Metropolitan Museum of Art
5.8%
Uffizi Gallery
7.4%
This Hungarian-American physicist, known as 'the father of the hydrogen bomb', is born in Budapest.
1908
Edward Teller
38.1%
John von Neumann
34.9%
Eugene Wigner
9.9%
Cornelius Lanczos
13.1%
Remove Ads.
Support Sporcle.
Get the best of Sporcle when you Go Orange. This ad-free experience offers more features, more stats, and more fun while also helping to support Sporcle. Thank you for becoming a member.

You're not logged in!

Compare scores with friends on all Sporcle quizzes.
OR
Log In

Show Comments

Extras

Top Quizzes Today


Score Distribution

Your Account Isn't Verified!

In order to create a playlist on Sporcle, you need to verify the email address you used during registration. Go to your Sporcle Settings to finish the process.

Report this User

Report this user for behavior that violates our Community Guidelines.

Details: